A wrinkle in time / (Record no. 2943)

MARC details
000 -LEADER
fixed length control field 01094cam a22003253a 4500
001 - CONTROL NUMBER
control field 2943
003 - CONTROL NUMBER IDENTIFIER
control field FISKH
005 - DATE AND TIME OF LATEST TRANSACTION
control field 20240124153353.0
008 - FIXED-LENGTH DATA ELEMENTS--GENERAL INFORMATION
fixed length control field 951026t19761962nyua j 000 1 eng d
010 ## - LIBRARY OF CONGRESS CONTROL NUMBER
LC control number 2002563105
020 ## - INTERNATIONAL STANDARD BOOK NUMBER
International Standard Book Number 0440998050 (pbk.)
020 ## - INTERNATIONAL STANDARD BOOK NUMBER
International Standard Book Number 9780141354934
035 ## - SYSTEM CONTROL NUMBER
System control number (OCoLC)ocm33375528
040 ## - CATALOGING SOURCE
Original cataloging agency TOL
Transcribing agency TOL
Modifying agency DLC
Language of cataloging eng
042 ## - AUTHENTICATION CODE
Authentication code lccopycat
050 00 - LIBRARY OF CONGRESS CALL NUMBER
Classification number PZ7.L5385
082 ## - DEWEY DECIMAL CLASSIFICATION NUMBER
Classification number 813.54
100 1# - MAIN ENTRY--PERSONAL NAME
Personal name L'Engle, Madeleine.
245 12 - TITLE STATEMENT
Title A wrinkle in time /
Statement of responsibility, etc. Madeleine L'Engle.
250 ## - EDITION STATEMENT
Edition statement This edition published in 2012
260 ## - PUBLICATION, DISTRIBUTION, ETC.
Place of publication, distribution, etc. New York :
Name of publisher, distributor, etc. Puffin Books,
Date of publication, distribution, etc. 1962
300 ## - PHYSICAL DESCRIPTION
Extent 256 pages :
Dimensions color illustrations ;
Other physical details 20 cm
520 ## - SUMMARY, ETC.
Summary, etc. Meg Murry and her friends become involved with unearthly strangers and a search for Meg's father, who has disappeared while engaged in secret work for the government.
650 ## - SUBJECT ADDED ENTRY--TOPICAL TERM
Topical term or geographic name entry element Time Travel
Form subdivision children's literature
650 ## - SUBJECT ADDED ENTRY--TOPICAL TERM
Topical term or geographic name entry element Young Adult
Form subdivision Fantasy
655 #7 - INDEX TERM--GENRE/FORM
Genre/form data or focus term Young adult fiction.
Source of term lcsh
655 #7 - INDEX TERM--GENRE/FORM
Genre/form data or focus term Fantasy fiction.
Source of term gsafd
906 ## - LOCAL DATA ELEMENT F, LDF (RLIN)
a 7
b cbc
c copycat
d 2
e ncip
f 20
g y-genrareb
942 ## - ADDED ENTRY ELEMENTS (KOHA)
Source of classification or shelving scheme Dewey Decimal Classification
Koha item type Books
Suppress in OPAC No
Holdings
Withdrawn status Lost status Source of classification or shelving scheme Damaged status Not for loan Collection Home library Current library Shelving location Date acquired Total Checkouts Full call number Barcode Date last seen Price effective from Koha item type
    Dewey Decimal Classification     Fiction Footprints International School Library Network Toul Kork Campus Footprints International School Library Network Toul Kork Campus   01/24/2024   LÉN Fic PZ7.L5385 FISSE03071 01/24/2024 01/24/2024 Books